Church in Latin America 1492-1992 (Record no. 9873)

MARC details
000 -LEADER
fixed length control field 00580nam a2200229 a 4500
020 ## - INTERNATIONAL STANDARD BOOK NUMBER
ISBN 0860121801
082 00 - DEWEY DECIMAL CLASSIFICATION NUMBER
Classification number 278
Author Cutter DUS
100 ## - MAIN ENTRY--AUTHOR NAME
Author name Dussel, Enrique
245 ## - TITLE STATEMENT
Title Church in Latin America 1492-1992
260 ## - PUBLICATION, DISTRIBUTION, ETC. (IMPRINT)
Place of publication London
Name of publisher Burns and Oates
Year of publication 1992
300 ## - PHYSICAL DESCRIPTION
Number of Pages 453p
500 ## - GENERAL NOTE
General note includes index and biblioraphy
505 2# - FORMATTED CONTENTS NOTE
Formatted contents note Index, Notes, Bibliography
942 ## - ADDED ENTRY ELEMENTS (KOHA)
Koha item type Books
700 1# -
-- Dussel, Enrique
Holdings
Collection code Home library Current library Date acquired Cost, normal purchase price Full call number Accession Number Koha item type
  Henry Martyn Institute Library Henry Martyn Institute Library 03/08/2012 3030.30 278 DUS 016645 Books
                   Copyright © 2026 | Henry Martyn Institute | Hyderabad | TS-500052 | INDIA | Implemented by hmi.edu.in
Hit-Count:

Powered by Koha